00765nam a2200145 a 4500008004100000050001900041100002200060245014900082260011100231350000900342650003200351995009500383999001700478952012400495070524s2006 ||||||||||||||||| || u aTHESIS/STUDENT aMwanakayaya, Stan14aThe impact of community participation on rural water supply :case of Nalubanda Community in Mumbwa DistrictcThesis supervised by Mr. Jacob Okra aKitwebCopperbelt University, School of Built Environment, Department of Urban and Regional Planningc2006 a0.00 aWATER-SUPPLY, RURAL--ZAMBIA D0.00FCBU-MAIN LIBRARY (Kitwe)H1I0.00M1UAVAILABLEWMay 24, 2007ZUniversity Collection c46239d46239 00102lcc4070a001b001cUniversity Collectiond2022-11-30l0oTHESIS/STUDENTpZ03002044r2022-11-30w2022-11-30y002